| 000 | 00431 a2200157 4500 | ||
|---|---|---|---|
| 999 |
_c6148 _d6148 |
||
| 020 | _a9781779034985 | ||
| 050 | _aH 83 BEN 2011 | ||
| 100 |
_aBenoy, H. _eauthor |
||
| 245 |
_aStep in living and working together: _bgrade 3 pupils' book/ _cH Benoy & J Burmister |
||
| 264 |
_aHarare: _bLongman _c2011 |
||
| 300 |
_a112p.: _bill. |
||
| 500 | _aText | ||
| 650 | _aSocial studies | ||
| 700 | _aBurmister, J | ||
| 942 |
_2lcc _cBK _h83 _iBEN _kH |
||